Touch call from the corner : top business learders reveal their career-defining moments

Bibliographic Details
Main Author: Steinbaum, Harlan (Author)
Format: Book
Published: New York, NY : HarperCollins 2011
Subjects:

MARC

LEADER 00000cam a2200000 7i4500
001 0000091841
005 20230713151424.0
020 |a 9780061802492 (  |q (hardback)) 
040 |e rda 
041 |a English 
090 0 0 |a 658.4092   |b STE 
100 1 |a Steinbaum, Harlan ,   |e (author) 
245 1 0 |a Touch call from the corner :   |b top business learders reveal their career-defining moments   |c Harlan Steinbaum 
264 1 |a New York, NY :   |b HarperCollins   |c 2011 
300 |a 269 pages ;   |c 23.5 cm. 
336 |a text  |2 rdacontent 
337 |a unmediated  |2 rdamedia 
338 |a volume  |2 rdacarrier 
541 |c Donation 
650 0 |a Decision making 
650 0 |a Leardership 
730 0 |a Title 
999 |a 0001728915   |b Book   |c Adult Collection   |e Perbadanan Perpustakaan Awam Johor